From Mud to Music : Making and Enjoying Ceramic Musical Instruments /
Se provee de instrucciones detalladas de modelado en barro para la creación de instrumentos musicales. Se presentan casos de diferentes instrumentos, todos de familias diferentes, tanto antiguos como modernos. El libro viene acompañado de un CD de audio con 43 pistas con música de diversos géneros y...
Guardado en:
| Autor principal: | |
|---|---|
| Otros autores: | , |
| Formato: | Libro |
| Idioma: | Inglés |
| Publicado: |
Columbus, EUA :
American Ceramic Society,
2015, c2015
|
| Temas: | |
| Etiquetas: |
Sin etiquetas, Sé el primero en etiquetar este registro!
|
MARC
| LEADER | 00000nam^a2200000^a^4500 | ||
|---|---|---|---|
| 001 | 000556952 | ||
| 005 | 20250521000000.0 | ||
| 009 | 20260310131750.9 | ||
| 020 | |a 978-1-57498-349-4 | ||
| 037 | |a Acervo ITESO - Biblioteca | ||
| 041 | |a ING | ||
| 082 | |a 738. 8 |b HAL | ||
| 100 | |a Hall, Barry |e (autor) | ||
| 245 | 1 | 0 | |a From Mud to Music : |b Making and Enjoying Ceramic Musical Instruments / |c B. Hall ; pról. de B. Hopkin. |
| 264 | 4 | |a Columbus, EUA : |b American Ceramic Society, |c 2015, c2015 | |
| 300 | |a 259 p. + |e 1 disco compacto sonoro (76 min.) | ||
| 336 | |a texto |b txt |2 rdacontenido | ||
| 337 | |a sin mediación |b n |2 rdamedio | ||
| 338 | |a volumen |b nc |2 rdasoporte | ||
| 520 | |a Se provee de instrucciones detalladas de modelado en barro para la creación de instrumentos musicales. Se presentan casos de diferentes instrumentos, todos de familias diferentes, tanto antiguos como modernos. El libro viene acompañado de un CD de audio con 43 pistas con música de diversos géneros y autores pero interpretada con los instrumentos que aparecen en el libro. | ||
| 649 | |a XX | ||
| 650 | |a Instrumentos Musicales - |x Tema Principal | ||
| 650 | |a Música Instrumental | ||
| 650 | |a Modelado en Barro | ||
| 650 | |a Decoración y Ornamentación | ||
| 650 | |a Cerámica - |x Materiales y Equipo | ||
| 650 | |a Cerámica - |x Técnica - |x Tema Principal | ||
| 650 | |a Arte - |x Materiales y Equipo | ||
| 650 | |a Arte - |x Técnica | ||
| 700 | |a Hopkin, Bart |e (prólogo) | ||
| 700 | |a Bejarano, Rafael |e (ejecución musical) | ||
| 740 | 0 | |a From Mud to Music : |b A Clay Music Sampler / |c Ejecución musical de R. Bejarano et al. | |
| 910 | |a Fondo General | ||
| 920 | |a Impresos - Libros | ||
| 930 | |a Reserva Especial | ||
| 905 | |a 103 | ||
| 901 | |a 0500395963 |b IT1 |c REE |i C181916 |u 20250521 | ||
| 901 | |a 0500395964 |b IT2 |c CDM |i C181917 |u 20250521 | ||
| 902 | |a https://opac.biblio.iteso.mx/vufind/Record/000556952 | ||